000 00861nam a2200265 i 4500
001 165740
003 ES-MaACL
005 20250911063601.0
008 940615s1900 fr |||| | fre d
040 _aCAM
_bspa
080 _a316
080 _a316(091)
080 _a330.84/86
100 1 _aStein, Lüdwig,
_d1859-1930
_9132893
245 1 3 _aLa question sociale au point de vue philosophique /
_cpar Lüdwig Stein.
260 _aParis :
_bFelix Alcan,
_c1900 (
_fPaul Brodard)
300 _aII, 506 p. ;
_c23 cm.
490 1 _aBibliothèque de philosophie contemporaine
650 7 _aSociología
_2embne
_917195
650 4 _aSociología-
_vHistoria.
_917200
650 0 7 _aSocialismo
_2embne
_917147
830 0 _aBibliothèque de philosophie contemporaine
_9181027
852 _aES-MaACL
_jB-5576
_z-- Enc. hol.
999 _c165740
_d165740